LEADER 01309nam a2200277 i 4500 001 000000142038 003 CaOOAMICUS 005 20101015000000.0 008 101015s1952 it u000 u ita u 013 $a117097 040 $aSeMil$bita 100 1 $aFarrington, Benjamin,$d<1891-1974>.$0(OLS)http://semarc/name/19410 240 10$aFrancis Bacon philosopher of industrial science.$0(OLS)http://semarc/title/207620 245 10$aFrancesco Bacone filosofo dell'etą industriale /$cBenjamin Farrington ; prefazione di Paolo Rossi. 260 $aTorino :$bPiccola Biblioteca Einaudi,$c1952. 300 $a182 p. ;$c19 cm. 490 0 $aPiccola biblioteca Einaudi ;$v93 600 14$aBacone, Francesco <1561-1626>.$0(OLS)http://semarc/subject/867 650 4$aIndustrie - Filosofia.$0(OLS)http://semarc/subject/27948 700 1 $aRossi, Paolo,$c.$0(OLS)http://semarc/name/908 830 0$aPiccola biblioteca Einaudi ;$v93.$0(OLS)http://semarc/title/11221 850 $aSeMil 852 $aSeMil$W1$xVenegono$y1$m2P II 760$j95234$B95234$CSeMilBibl$Z2$F156098 $81 961 $aOmaggio: Altro 996 $6245$aFrancesco Bacone filosofo dell'etą industriale$9(OLS)http://semarc/title/207619 996 $6260$aTorino :$bPiccola Biblioteca Einaudi$9(OLS)http://semarc/publisher/34351 LEADER 01203nam a2200301 i 4500 001 000000110607 003 CaOOAMICUS 005 20021206000000.0 008 021206s1993 it u000 u ita u 013 $a83288 020 $a88-7357-122-0 040 $aSeMil$bita 100 1 $aStock, Klemens,$c.$0(OLS)http://semarc/name/20175 240 10$aJesus der Sohn Gottes.$0(OLS)http://semarc/title/160794 245 10$aGesł il Figlio di Dio :$bil messaggio di Giovanni /$cKlemens Stock. 260 $aRoma :$bAdP,$c1993. 300 $a216 p. ;$c21 cm. 490 0 $aBibbia e preghiera ;$v16 500 $aFondo Card. C.M. Martini. 650 4$aBibbia - NT - Giovanni - Meditazioni.$0(OLS)http://semarc/subject/2538 830 0$aBibbia e preghiera ;$v16.$0(OLS)http://semarc/title/10788 850 $aSeMil 852 $aSeMil$W1$xVenegono$y1$m3F I 241$j66481$B66481$CSeMilBibl$Z2$F95054 $81 941 1 $a4 961 $aOmaggio: Martini Card. Carlo Maria 996 $6020$a88-7357-122-0$9(OLS)http://semarc/number/92459 996 $6245$aGesł il Figlio di Dio :$bil messaggio di Giovanni$9(OLS)http://semarc/title/160793 996 $6260$aRoma :$bAdP$9(OLS)http://semarc/publisher/32136